José Clemente Orozco : pintura y verdad /

Catálogo de la exposición homónima, presentada en el Instituto Cultural Cabañas de marzo a agosto de 2010, y en el Colegio de San Ildefonso, de octubre del mismo año a enero del siguiente. Se trata de una muestra antológica que reúne desde trabajos iniciales del artista hasta retratos de sus últimos...

詳細記述

保存先:
書誌詳細
第一著者: Orozco, José Clemente (pintor)
その他の著者: Cervantes Díaz Lombardo, Miguel (curaduría e investigación) (curaduría e investigación), Canales, María del Carmen (curaduría e investigación) (curaduría e investigación), Miliotes, Diane (curaduría e investigación) (curaduría e investigación), Navarrete, Sylvia (investigación) (investigación), Lumbreras, Ernesto (texto) (texto), González Márquez, Emilio (prólogo) (prólogo), Sáizar, Consuelo (presentación) (presentación), Cravioto Lebrija, Alejandro (presentación) (presentación), Vicencio, Teresa (presentación) (presentación), Porraz Fraser, Paloma (prefacio) (prefacio)
フォーマット: 図書
言語:スペイン語
出版事項: Guadalajara, México : Instituto Cultural Cabañas, 2010, c2010
主題:
タグ: タグ追加
タグなし, このレコードへの初めてのタグを付けませんか!

MARC

LEADER 00000nam^a2200000^a^4500
001 000310999
005 20250526000000.0
008 090422 20102010
009 20260310113031.759
020 |a 978-607-9016-03-6 
037 |a Acervo ITESO - Biblioteca 
041 |a ESP 
082 |a 759. 97206  |b ORO CER 
100 |a Orozco, José Clemente  |e (pintor) 
245 1 0 |a José Clemente Orozco :  |b pintura y verdad /  |c J.C. Orozco ; curaduría, investigación y pref. de M. Cervantes Díaz Lombardo ; curaduría e investigación de M.C. Canales, D. Miliotes ; investigación de S. Navarrete ; texto de E. Lumbreras ; pról. de E. González Márquez ; presen. de C. Sáizar, A. Cravioto Lebrija, T. Vicencio ; pref. de P. Porraz Fraser. 
264 4 |a Guadalajara, México :  |b Instituto Cultural Cabañas,  |c 2010, c2010 
300 |a 603 p. ;  |c 34.5 cm. 
336 |a texto  |b txt  |2 rdacontenido 
337 |a sin mediación  |b n  |2 rdamedio 
338 |a volumen  |b nc  |2 rdasoporte 
520 |a Catálogo de la exposición homónima, presentada en el Instituto Cultural Cabañas de marzo a agosto de 2010, y en el Colegio de San Ildefonso, de octubre del mismo año a enero del siguiente. Se trata de una muestra antológica que reúne desde trabajos iniciales del artista hasta retratos de sus últimos años y en el centro, por supuesto, su obra mural. 
545 0 |a José Clemente Orozco (Zapotlán, 1883 - México, 1949) constituye, con Rivera y Siqueiros, el gran trío de la pintura mural mexicana, cuya propuesta estética, arraigada en el nacionalismo posrevolucionario, transformó la plástica del país. Autor de una obra de gran fuerza, donde expresa su sentido trágico de la vida, Orozco es creador de murales mundialmente famosos, como los del Instituto Cultural Cabañas y el Paraninfo de la Universidad de Guadalajara o los del Colegio de San Ildefonso en la ciudad de México. 
649 |a XX 
650 |a Pintores Jaliscienses 
650 |a Pintores Mexicanos 
650 |a Artistas Jaliscienses 
650 |a Artistas Mexicanos 
650 |a Museos y Galerías -  |z Guadalajara, Jalisco -  |x Exposiciones 
650 |a Museos y Galerías -  |z México (Ciudad) -  |x Exposiciones 
650 |a Museos y Galerías -  |z México -  |x Exposiciones 
650 |a Nacionalismo en la Pintura -  |z Jalisco -  |x Historia y Crítica 
650 |a Nacionalismo en la Pintura -  |z México -  |x Historia y Crítica 
650 |a Nacionalismo en el Arte -  |z Jalisco -  |x Historia y Crítica 
650 |a Nacionalismo en el Arte -  |z México -  |x Historia y Crítica 
650 |a Pintura Mural -  |z Jalisco -  |x Historia y Crítica 
650 |a Pintura Mural -  |z México -  |x Historia y Crítica 
650 |a Pintura Jalisciense -  |x Exposiciones 
650 |a Pintura Jalisciense -  |x Historia y Crítica 
650 |a Pintura Jalisciense -  |y Siglo XX 
650 |a Pintura Mexicana -  |x Exposiciones 
650 |a Pintura Mexicana -  |x Historia y Crítica 
650 |a Pintura Mexicana -  |y Siglo XX 
650 |a Arte Jalisciense -  |x Exposiciones 
650 |a Arte Jalisciense -  |x Historia y Crítica 
650 |a Arte Jalisciense -  |y Siglo XX 
650 |a Arte Mexicano -  |x Exposiciones 
650 |a Arte Mexicano -  |x Historia y Crítica 
650 |a Arte Mexicano -  |y Siglo XX 
650 |a Orozco, José Clemente -  |x Tema Principal 
700 |a Cervantes Díaz Lombardo, Miguel  |e (curaduría e investigación) 
700 |a Canales, María del Carmen  |e (curaduría e investigación) 
700 |a Miliotes, Diane  |e (curaduría e investigación) 
700 |a Navarrete, Sylvia  |e (investigación) 
700 |a Lumbreras, Ernesto  |e (texto) 
700 |a González Márquez, Emilio  |e (prólogo) 
700 |a Sáizar, Consuelo  |e (presentación) 
700 |a Cravioto Lebrija, Alejandro  |e (presentación) 
700 |a Vicencio, Teresa  |e (presentación) 
700 |a Porraz Fraser, Paloma  |e (prefacio) 
910 |a Fondo General 
920 |a Impresos - Libros 
930 |a Libros Antiguos y Raros 
905 |a 108 
901 |a 0500197635  |b IT2  |c LRA  |i C126365  |u 20250526 
902 |a https://opac.biblio.iteso.mx/vufind/Record/000310999